Central Library OPAC University of Rajshahi

History of modern India : (Record no. 55503)

MARC details
000 -LEADER
fixed length control field 00766nam a2200229 a 4500
001 - CONTROL NUMBER
control field 55503
003 - CONTROL NUMBER IDENTIFIER
rucl marc code BD-RjUL
005 - DATE AND TIME OF LATEST TRANSACTION
control field 20211209080256.0
008 - FIXED-LENGTH DATA ELEMENTS--GENERAL INFORMATION
fixed length control field 161119s1990 ii a b 001 0 eng
035 ## - SYSTEM CONTROL NUMBER
System control number (BD-RjUL)55626
040 ## - CATALOGING SOURCE
Original cataloging agency DLC
Language of cataloging eng
Description conventions rda
Transcribing agency DLC
Modifying agency BD-RjUL
041 ## - LANGUAGE CODE
Language code of text/sound track or separate title eng
082 ## - DEWEY DECIMAL CLASSIFICATION NUMBER
Edition number 23
Classification number 954.03
Author mark and year RAH 1990
100 ## - MAIN ENTRY--PERSONAL NAME
Personal name Raychoudhary, S.C.
9 (RLIN) 117613
245 10 - TITLE STATEMENT
Title History of modern India :
Remainder of title from 1707 A.D. to present time : a detailed study of social, cultural, economic and political aspects /
Statement of responsibility, etc. S.C. Raychoudhary
250 ## - EDITION STATEMENT
Edition statement 3rd ed.
260 ## - PUBLICATION, DISTRIBUTION, ETC. (IMPRINT)
Place of publication, distribution, etc. Delhi :
Name of publisher, distributor, etc. Surjeet Publications,
Date of publication, distribution, etc. 1990.
300 ## - PHYSICAL DESCRIPTION
Pagination xx, 438 p :
Illustrations ill ;
Size 22 cm.
500 ## - GENERAL NOTE
General note Includes index
651 #0 - SUBJECT ADDED ENTRY--GEOGRAPHIC NAME
Geographic name India
General subdivision History
Chronological subdivision British occupation, 1707.
Geographic subdivision India
9 (RLIN) 165334
942 ## - ADDED ENTRY ELEMENTS (KOHA)
Source of classification or shelving scheme Dewey Decimal Classification
Koha item type Books
Holdings
Lost status Source of classification or shelving scheme Damaged status Not for loan Collection code Permanent Location Current Location Shelving location Date acquired Source of acquisition Cost, normal purchase price Total Checkouts Full call number Date last seen Copy number Koha item type
  Dewey Decimal Classification     Non-fiction Central Library, University of Rajshahi Central Library, University of Rajshahi   21/06/1999 Ankur parakasrani, Dhaka 73.00   954.03 RAH 1990 19/11/2016 C-2 Books